| 000 | 00672nam a2200193 i 4500 | ||
|---|---|---|---|
| 001 | 59654 | ||
| 003 | ES-MaACL | ||
| 005 | 20250826151341.0 | ||
| 007 | t| | ||
| 008 | 031030s1973 sp ||||1| spa d | ||
| 245 | 0 | 0 |
_aEndocrinologia y metabolismo del presente / _cA. Fernández Cruz ... [et al.]. |
| 260 |
_a[Madrid] : _bPaz Montalvo, _c1973. |
||
| 300 |
_a259 p. : _bil. ; _c20 cm. |
||
| 505 | 8 | _aContiene: V. I.: Mecanismo de acción de las hormonas condicionadoras de diferentes síndromes clínicos | |
| 650 | 4 |
_aEndocrinología. _9144424 |
|
| 700 | 1 |
_aFernández-Cruz, A., _d1910-1981 _949607 |
|
| 852 |
_aES-MaACL _jC-54905 _bR.87530 |
||
| 999 |
_c59654 _d59654 |
||